Score 0/26 Timer 05:00
1 Play Today
Group Answer % Correct
PlanetsMars
97.8%
Months of the YearJanuary
97.7%
Oceans of the WorldIndian
96.5%
Deadly SinsGluttony
94.4%
Ivy League UniversitiesYale
94.3%
Santa's ReindeerVixen
91.8%
Olympian Greek GodsAphrodite
91.4%
British Monarchs*Edward
91.1%
Pixar MoviesUp
89.5%
Countries of North AmericaHaiti
88.9%
Rock & Roll Hall of Fame BandsBlack Sabbath
87.6%
AKC Dog BreedsPoodle
84.4%
US State CapitalsDover
83.9%
Group Answer % Correct
Zodiac SignsScorpio
83.3%
Current Olympic SportsWater Polo
83.2%
Provinces and Territories of CanadaNew Brunswick
82%
BonesTibia
80.6%
Chemical ElementsXenon
80.4%
MLB Team NicknamesRed Sox
79.2%
ConstellationsLeo
72%
Book of the Bible*Chronicles
64.5%
One-Word French NumbersQuatre
55.2%
Asian CapitalsKuwait City
54.8%
Best Picture WinnersOn the Waterfront
49.5%
Harry Potter Top 200 SurnamesFudge
45%
Pokémon from Generation 1Zubat
24.5%
Remove Ads.
Support Sporcle.
Get the best of Sporcle when you Go Orange. This ad-free experience offers more features, more stats, and more fun while also helping to support Sporcle. Thank you for becoming a member.

You're not logged in!

Compare scores with friends on all Sporcle quizzes.
OR
Log In

Show Comments

Extras

Top Quizzes Today


Score Distribution

Your Account Isn't Verified!

In order to create a playlist on Sporcle, you need to verify the email address you used during registration. Go to your Sporcle Settings to finish the process.

Report this User

Report this user for behavior that violates our Community Guidelines.

Details: